| 000 | 01002nam a2200325 i 4500 | ||
|---|---|---|---|
| 001 | bg | ||
| 003 | KOSZ 005 | ||
| 005 | 20240904062937.0 | ||
| 008 | 070829s1967 pl a f f 000 0 pol | ||
| 015 | _aPB 1968/37 | ||
| 040 |
_aWA N _cKOSZ 005/RW _dKOSZ 005/RW _dKOSZ 005/HR |
||
| 046 | _k1967 | ||
| 080 | _a528 | ||
| 080 | _a624/628 | ||
| 100 | 1 |
_aKietlińska, Zofia _d(1913-1989) _eAutor |
|
| 245 | 1 | 0 |
_aMiernictwo na usługach inżynierii / _cZofia Warchałowska-Kietlińska. |
| 250 | _aWyd. 6 popr. i uzup. | ||
| 260 |
_aWarszawa : _b"Arkady", _c1967. |
||
| 300 |
_a376 s. : _bil., mapy ; _c25 cm. |
||
| 380 | _aKsiążki. | ||
| 388 | _a1901- | ||
| 504 | _aBibliogr. s. 376. | ||
| 658 | _aGeografia i nauki o Ziemi | ||
| 650 | 4 | _aGeodezja | |
| 650 | 4 | _aPomiary | |
| 655 | 4 | _aPodręcznik | |
| 710 | 2 |
_aWydawnictwo "Arkady". _4pbl. |
|
| 856 |
_uhttp://koha.tu.koszalin.pl/cgi-bin/koha/opac-detail.pl?biblionumber=11127 _yKatalog online BPK |
||
| 942 |
_2UKD _cKS |
||
| 999 |
_c11127 _d11127 |
||